The new international Webster's pocket quotation dictionary of the English language. (Record no. 352643)
[ view plain ]
| 000 -LEADER | |
|---|---|
| fixed length control field | 01199 a2200289 4500 |
| 003 - CONTROL NUMBER IDENTIFIER | |
| control field | OSt |
| 005 - DATE AND TIME OF LATEST TRANSACTION | |
| control field | 20180116192340.0 |
| 008 - FIXED-LENGTH DATA ELEMENTS--GENERAL INFORMATION | |
| fixed length control field | 110817t xxu||||| |||| 00| 0 eng d |
| 010 ## - LIBRARY OF CONGRESS CONTROL NUMBER | |
| LC control number | 00708455 |
| 020 ## - INTERNATIONAL STANDARD BOOK NUMBER | |
| International Standard Book Number | 1888777176 (deluxe) |
| 020 ## - INTERNATIONAL STANDARD BOOK NUMBER | |
| International Standard Book Number | 1888777273 (hardcover) |
| 020 ## - INTERNATIONAL STANDARD BOOK NUMBER | |
| International Standard Book Number | 1888777354 (pbk.) |
| 035 ## - SYSTEM CONTROL NUMBER | |
| System control number | (OCoLC)ocm37462423 |
| 040 ## - CATALOGING SOURCE | |
| Transcribing agency | 0 |
| 082 00 - DEWEY DECIMAL CLASSIFICATION NUMBER | |
| Classification number | 082 |
| 245 04 - TITLE STATEMENT | |
| Title | The new international Webster's pocket quotation dictionary of the English language. |
| Number of part/section of a work | Five volume set . |
| 246 30 - VARYING FORM OF TITLE | |
| Title proper/short title | Webster's pocket quotation dictionary of the English language |
| 246 30 - VARYING FORM OF TITLE | |
| Title proper/short title | Quotation dictionary of the English language |
| 250 ## - EDITION STATEMENT | |
| Edition statement | New rev. ed. |
| 260 ## - PUBLICATION, DISTRIBUTION, ETC. | |
| Place of publication, distribution, etc. | [Naples, Fla.] : |
| Name of publisher, distributor, etc. | Trident Press International, |
| Date of publication, distribution, etc. | 1998. |
| 300 ## - PHYSICAL DESCRIPTION | |
| Extent | . ; |
| Dimensions | 17 cm. |
| 500 ## - GENERAL NOTE | |
| General note | Five volumes Set: vol1.Websters pocket Thesaurus vol2.Websters pocket Quotation Dictionary vol3. Websters pocket Computer Dictionary vol4. Websters pocket Spelling Dictionary vol5.Websters pocket Dictionary |
| 650 #0 - SUBJECT ADDED ENTRY--TOPICAL TERM | |
| Topical term or geographic name entry element | Quotations, English. |
| 9 (RLIN) | 66 |
| 710 2# - ADDED ENTRY--CORPORATE NAME | |
| Corporate name or jurisdiction name as entry element | Trident Press International. |
| 9 (RLIN) | 67 |
| 942 ## - ADDED ENTRY ELEMENTS (KOHA) | |
| Institution code [OBSOLETE] | SADA |
| Koha item type | Reference |
| Call number prefix | 082 NEW 1998 |
| Source of classification or shelving scheme | |
| Withdrawn status | Lost status | Source of classification or shelving scheme | Damaged status | Not for loan | Permanent Location | Current Location | Date acquired | Total Checkouts | Full call number | Barcode | Date last seen | Cost, replacement price | Price effective from | Koha item type |
|---|---|---|---|---|---|---|---|---|---|---|---|---|---|---|
| School of Art Design and Architecture (SADA) | School of Art Design and Architecture (SADA) | 08/05/2010 | REF 082 NEW 1998 | SADA0000032 | 08/05/2011 | 0.00 | 08/05/2011 | Reference | ||||||
| School of Art Design and Architecture (SADA) | School of Art Design and Architecture (SADA) | 08/05/2010 | REF 082 NEW 1998 | SADA0000035 | 08/05/2011 | 0.00 | 08/05/2011 | Reference | ||||||
| School of Art Design and Architecture (SADA) | School of Art Design and Architecture (SADA) | 08/05/2010 | REF 082 NEW 1998 | SADA0000034 | 08/05/2011 | 0.00 | 08/05/2011 | Reference | ||||||
| School of Art Design and Architecture (SADA) | School of Art Design and Architecture (SADA) | 08/05/2010 | REF 082 NEW 1998 | SADA0000033 | 08/05/2011 | 0.00 | 08/05/2011 | Reference | ||||||
| School of Art Design and Architecture (SADA) | School of Art Design and Architecture (SADA) | 08/05/2010 | REF 082 NEW 1998 | SADA0000031 | 08/05/2011 | 1011.00 | 08/05/2011 | Reference |
